<?xml version="1.0" encoding="UTF-8"?>
<record
    xmlns:xsi="http://www.w3.org/2001/XMLSchema-instance"
    xsi:schemaLocation="http://www.loc.gov/MARC21/slim http://www.loc.gov/standards/marcxml/schema/MARC21slim.xsd"
    xmlns="http://www.loc.gov/MARC21/slim">

  <leader>00573cam a2200181u  4500</leader>
  <controlfield tag="001">ne 67000800 </controlfield>
  <controlfield tag="003">DLC</controlfield>
  <controlfield tag="005">20260227111831.0</controlfield>
  <controlfield tag="008">841025s1944    xx ach        000 0bper  </controlfield>
  <datafield tag="010" ind1=" " ind2=" ">
    <subfield code="a">ne 67000800 </subfield>
  </datafield>
  <datafield tag="040" ind1=" " ind2=" ">
    <subfield code="a">DLC</subfield>
    <subfield code="c">CarP</subfield>
    <subfield code="d">DLC</subfield>
  </datafield>
  <datafield tag="050" ind1="0" ind2="0">
    <subfield code="a">DS307</subfield>
    <subfield code="b">.M3 (Orien Pers)</subfield>
  </datafield>
  <datafield tag="100" ind1="1" ind2=" ">
    <subfield code="a">Makk&#x12B;, &#x1E24;usayn.</subfield>
  </datafield>
  <datafield tag="245" ind1="1" ind2="0">
    <subfield code="a">Zindag&#x101;n&#x12B;-i M&#x12B;rz&#x101; Taq&#x12B; Kh&#x101;n Am&#x12B;r Kab&#x12B;r.</subfield>
  </datafield>
  <datafield tag="260" ind1=" " ind2=" ">
    <subfield code="a">[Tihr&#x101;n]</subfield>
    <subfield code="b">Kit&#x101;bfur&#x16B;sh&#x12B; Mu&#x1E25;ammad &#x2BB;Al&#x12B; &#x2BB;Ilm&#x12B;,</subfield>
    <subfield code="c">[1944]</subfield>
  </datafield>
  <datafield tag="300" ind1=" " ind2=" ">
    <subfield code="a">6, 413 p.</subfield>
    <subfield code="b">illus., facsims., ports.</subfield>
    <subfield code="c">22 cm.</subfield>
  </datafield>
  <datafield tag="600" ind1="1" ind2="0">
    <subfield code="a">Am&#x12B;r Kab&#x12B;r, M&#x12B;rz&#x101; Taq&#x12B; Kh&#x101;n,</subfield>
    <subfield code="d">-1852.</subfield>
  </datafield>
  <datafield tag="999" ind1=" " ind2=" ">
    <subfield code="c">49558</subfield>
    <subfield code="d">49558</subfield>
  </datafield>
</record>
